000 00397nam a22001697a 4500
005 20180730151226.0
008 160615b xxu||||| |||| 00| 0 eng d
020 _a81-203-0193-5
041 _aeng
082 _b7654
_a658.1
100 _aEtzioni, Amitai
_9334
245 _aModern Organizations
260 _bPHI
_c2003
_anew delhi
300 _a116p,
650 _aManagement
_9241
942 _cBK
999 _c2732
_d2731